00431nam a2200193Ia 4500003000900000008004100009040001300050040001300063041000800076100002400084245005200108250001100160260000800171260000900179300001200188300001000200490002100210490000600231IT-RoPAU120407s9999 xx 000 0 und d aIT-RoPAU cIT-RoPAU aita aRaffaele Cantarella aPoeti bizantini. Testo greco a fronte, 2 voll.  aMilano aBur c1992 a1106 p. c18 cm aClassici L 856-7 v1